000 00602nam a2200217Ia 4500
003 GCL
008 140319s9999 xx 000 0 eng d
020 _a007141200
040 _aGCL /
_cGCL
082 0 4 _a629.892
_bS R
100 1 _aSANDIN, PAUL E .
245 1 0 _aROBOT MECHANISMS AND MECHANICAL DEVICES /
_cSANDIN, PAUL E .
260 _aنيويورك :
_bMC GRAW - HILL ،
_c2003
300 _a24 CM ؛
_c299 P
650 0 4 _aROBOTS
650 0 4 _aMECHANISM
650 0 4 _aROBOTS, INDUSTRIES
650 0 4 _aAUTOMATIC MACHINERY
650 0 4 _aAUTOMATED GUIEDED VEHICLE SYSTEMS
942 _2ddc
_cBK
999 _c7271
_d7271